Most Common Family Names in Vietnam 🇻🇳 - Statistics

General Stats
  • This quiz has been taken 63 times
  • The average score is 7 of 15
Answer Stats
Ratio Surname % Correct
1:4 Nguyễn
96%
1:12 Trần
74%
1:13
64%
1:20 Phạm
55%
1:74 Hồ
49%
1:63 Đỗ
45%
1:41
45%
1:67 Ngô
40%
1:47 Bùi
38%
1:61 Huỳnh
36%
1:46 Phan
36%
1:54
36%
1:78 Đặng
34%
1:32 Hoàng
34%
1:74 Trương
30%
No matching quizzes found
Score Distribution
Percent of People with Each Score
Percentile by Number Answered
Your Score History
You have not taken this quiz